Modernització i catalanisme [Recurs electrònic] : la Diputació de Barcelona ara fa 100 anys la Diputació de Barcelona ara fa 100 anys
Descripción Física:
1 disc òptic (CD-ROM) ; 12 cm
MARC
| LEADER | 00000nam a2200000Ia 4500 | ||
|---|---|---|---|
| 001 | 22872 | ||
| 008 | 160829s2010] xx 000 0 cat d | ||
| 080 | |a CD-1-168 | ||
| 245 | |a Modernització i catalanisme [Recurs electrònic] : |b la Diputació de Barcelona ara fa 100 anys | ||
| 260 | |a [Barcelona : |b Diputació de Barcelona, |c 2010] | ||
| 300 | |a 1 disc òptic (CD-ROM) ; |c 12 cm | ||
| 590 | |a Imatges utilitzades per al catàleg i exposició celebrada al vestíbul de Can Serra del 6 de maig al 15 de juliol de 2010. | ||
| 650 | |a Barcelona. Diputació |x Història |x Exposicions |9 44923 | ||
| 710 | 1 | |a Barcelona (Catalunya : Província). |b Diputació |9 52408 | |
| 901 | |a Arxiu | ||
| 942 | |n 1 | ||
| 952 | |0 0 |1 0 |4 0 |6 CD1168 |7 1 |9 53039 |a Arxiu |b Arxiu |d 2016-12-01 |l 0 |o CD-1-168 |p 22872 |r 2016-12-01 00:00:00 |w 2016-12-01 |y ARXIU | ||
| 999 | |c 56888 |d 56888 | ||